LEADER 01001nam a2200265 u 4500 001 000000025955 003 CaOOAMICUS 005 20070226111525.0 008 950818s1978 it ab u000 u ita u 035 $a10667455 040 $aPUL(R)$bita 100 1 $aTurchini, Angelo.$0(OLS)http://pul/name/12276 245 10$aClero e fedeli a Rimini in età post-Tridentina /$cAngelo Turchini. 260 $aRoma :$bHerder,$c1978. 300 $axiv, 210 p. :$bill., cartes, tabl. ;$c24 cm 490 1 $aItalia sacra ;$v27 500 $aInclude indici. 504 $aNote bibliografiche. 830 0$aItalia sacra ;$v27.$0(OLS)http://pul/title/344 850 $aPUL 852 $aPUL$W1$xSL Filosofia 1$y2$m99 G 27$j36276$nBK-PRI$b $qStampati$B36276$CPULBib$Z2$F36276 $H $81 941 1 $a8 961 $aINV: 45528 996 $6245$aClero e fedeli a Rimini in età post-Tridentina$9(OLS)http://pul/title/35720 996 $6260$aRoma :$bHerder$9(OLS)http://pul/publisher/47913 LEADER 01418nam a2200289 u 4500 001 000000079301 003 CaOOAMICUS 005 20070226123526.0 008 040531s1997 miu u000 u eng u 020 $a1880595087 035 $a10997277 040 $aPUL$bita 245 00$aTransforming Welfare :$bthe revival of american charity /$cedited by Jeffrey J. Sikkenga ; with an introduction by Rev. Robert A. Sirico. 260 $aGrand Rapids (Michigan) :$bAction Institute for the Study of Religion and Liberty,$c1997. 300 $axii, 62 p. ;$c21 cm 500 $a"Essays by : David T. Beito [et al...]". 650 4$aChiesa e questioni sociali$xChiesa cattolica.$0(OLS)http://pul/subject/2309 651 4$aStati Uniti$xCondizioni sociali.$0(OLS)http://pul/subject/19389 700 1 $aSirico, Robert A.$0(OLS)http://pul/name/36285 700 1 $aSikkenga, Jeffrey J.$0(OLS)http://pul/name/52828 850 $aPUL 852 $aPUL$W1$xSL Diritto e Scienze Sociali 3$y79$m361. 65 SINKJE 1$j120746$nBK-PRI$qDDC 21$B101505$CPULBib$Z2$F101505 $H87003 $82 941 1 $a8 941 1 $a9 996 $6020$a1880595087$9(OLS)http://pul/number/104184 996 $6245$aTransforming Welfare :$bthe revival of american charity$9(OLS)http://pul/title/103832 996 $6260$aGrand Rapids (Michigan) :$bAction Institute for the Study of Religion and Liberty$9(OLS)http://pul/publisher/75603